Statistiques concernant Les 10 meilleurs buteurs en champions league depuis 2017/18.

Cliquez ici pour prendre le quiz!

Statistiques générales

  • Ce quiz a été pris 270 fois
  • Le résultat moyen est 9 sur 10

Statistiques - réponses

ButsJoueursMeilleurs
Parcours
% Correct
35Cristiano RonaldoVainqueurs
2017/18
99%
39Karim BenzemaVainqueurs
2017/18-2021/22
96%
35Lionel MessiDemi finales
2018/19
96%
51Robert LewandowskiVainqueurs
2019/20
94%
34Kylian MbappeFinale
2019/20
93%
35Erling HaalandVainqueurs
2022/23
91%
41Mohamed SalahVainqueurs
2018/19
90%
22NeymarFinale
2019/20
89%
27Sadio ManeVainqueurs
2018/19
86%
22Roberto FirminoVainqueurs
2018/19
76%

Distribution des résultats

Percentile par nombre de réponses

% des personnes avec chaque résultat

Votre développement - résultats

Vous n’avez pas pris ce quiz